Yes: Albums by Cover - Statistics

General Stats
  • This quiz has been taken 32 times
  • The average score is 16 of 24
Answer Stats
Picture Hint Answer % Correct
1972 Close to the Edge
100%
1971 Fragile
95%
1971 The Yes Album
95%
1978 Tormato
91%
1969 Yes
91%
1983 90125
86%
1977 Going for the One
86%
1974 Relayer
82%
1973 Tales from Topographic Oceans
82%
1980 Drama
73%
1970 Time and a Word
73%
1987 Big Generator
64%
1994 Talk
55%
1991 Union
55%
2011 Fly from Here
50%
1996 Keys to Ascension
45%
2001 Magnification
45%
1999 The Ladder
45%
2021 The Quest
45%
2014 Heaven & Earth
41%
1997 Keys to Ascension 2
41%
2023 Mirror to the Sky
41%
1997 Open Your Eyes
41%
2019 (mini album) From a Page
36%
No matching quizzes found
Score Distribution
Percent of People with Each Score
Percentile by Number Answered
Your Score History
You have not taken this quiz